Top 20 des pays les plus heureux dans le monde - Statistiques

Statistiques générales
  • Ce quiz a été pris 268 fois
  • Le résultat moyen est 16 sur 20
Statistiques - réponses
Hint Réponse % Correct
20 France
97%
16 Etats-Unis
92%
8 Norvège
91%
7 Suède
91%
15 Canada
90%
1 Finlande
89%
4 Suisse
87%
14 Allemagne
84%
2 Danemark
84%
17 Royaume-Uni
83%
12 Australie
81%
19 Belgique
79%
3 Islande
78%
5 Pays-Bas
77%
13 Irlande
73%
11 Autriche
70%
6 Luxembourg
69%
10 Nouvelle Zélande
69%
18 République Tchèque
43%
9 Israel
23%
Aucun quiz correspondant
Distribution des résultats
% des personnes avec chaque résultat
Percentile par nombre de réponses
Votre historique - résultats
Vous n’avez pas pris ce quiz